00257nam a2200109Ia 4500008004100000100001800041245004200059260001500101300000900116942000700125999001500132190216s9999||||xx |||||||||||||| ||und|| aNambiar M C K 0aSolved Papers In Advanced Accountancy bNullc1977 a242p cBK c4389d4389